|
|
|
|
| LEADER |
01352nam a2200361Ia 4500 |
| 001 |
EBC588997 |
| 003 |
MiAaPQ |
| 005 |
20200520144314.0 |
| 006 |
m o d | |
| 007 |
cr cn||||||||| |
| 008 |
100405s2010 njua sb 001 0 eng d |
| 010 |
|
|
|z 2010014480
|
| 020 |
|
|
|z 9780470601785 (pbk. : acid-free paper)
|
| 035 |
|
|
|a (MiAaPQ)EBC588997
|
| 035 |
|
|
|a (Au-PeEL)EBL588997
|
| 035 |
|
|
|a (CaPaEBR)ebr10412513
|
| 035 |
|
|
|a (CaONFJC)MIL277350
|
| 035 |
|
|
|a (OCoLC)668193967
|
| 040 |
|
|
|a MiAaPQ
|c MiAaPQ
|d MiAaPQ
|
| 050 |
|
4 |
|a HD66
|b .S564 2010
|
| 082 |
0 |
4 |
|a 658.4/56
|2 22
|
| 100 |
1 |
|
|a Sibbet, David.
|
| 245 |
1 |
0 |
|a Visual meetings
|h [electronic resource] :
|b how graphics, sticky notes, and idea mapping can transform group productivity /
|c David Sibbet.
|
| 260 |
|
|
|a Hoboken, NJ :
|b John Wiley & Sons,
|c c2010.
|
| 300 |
|
|
|a xxvi, 262 p. :
|b ill.
|
| 504 |
|
|
|a Includes bibliographical references and index.
|
| 533 |
|
|
|a Electronic reproduction. Ann Arbor, MI : ProQuest, 2015. Available via World Wide Web. Access may be limited to ProQuest affiliated libraries.
|
| 650 |
|
0 |
|a Teams in the workplace.
|
| 650 |
|
0 |
|a Business meetings.
|
| 650 |
|
0 |
|a Visual communication.
|
| 655 |
|
4 |
|a Electronic books.
|
| 710 |
2 |
|
|a ProQuest (Firm)
|
| 856 |
4 |
0 |
|u https://ebookcentral.proquest.com/lib/matrademy/detail.action?docID=588997
|z Click to View
|